[Event "Tatry Open 2014"]
[Site "Tatranske Zruby SVK"]
[Date "2014.10.04"]
[Round "8.22"]
[White "Andras, T."]
[Black "Belunek, V."]
[Result "1/2-1/2"]
[WhiteElo "2106"]
[BlackElo "2226"]
[PlyCount "105"]
[EventDate "2014.09.28"]

1. e4 c5 2. Nf3 d6 3. d4 cxd4 4. Nxd4 Nf6 5. Nc3 Nc6 6. f3 e5 7. Nb3 Be7 8. Be3
O-O 9. Qd2 a5 10. a4 Nb4 11. Nd5 Nfxd5 12. exd5 Bf5 13. Rc1 Qc7 14. c3 Na6 15.
Bb5 Bh4+ 16. g3 Bd8 17. O-O Qe7 18. f4 Bh3 19. fxe5 Bxf1 20. Rxf1 Qxe5 21. Bd3
g6 22. Bd4 Qg5 23. Qg2 Nc7 24. c4 Na6 25. h4 Qe7 26. Qf2 Nb4 27. Bb1 Rc8 28.
Nd2 Qd7 29. h5 Qg4 30. hxg6 hxg6 31. b3 Bh4 32. Ne4 f5 33. Qf4 Qxf4 34. Rxf4
Be7 35. Nc3 Bg5 36. Rf2 Bf6 37. Nb5 Rce8 38. Rf1 Bxd4+ 39. Nxd4 Re3 40. Rf3
Rfe8 41. Kf2 Rxf3+ 42. Kxf3 Re1 43. Bxf5 Kf7 44. Be4 Rf1+ 45. Kg4 Kf6 46. Nb5
Ke5 47. Bxg6 Rf6 48. Kh5 Rf3 49. g4 Rxb3 50. c5 Nxd5 51. cxd6 Nf6+ 52. Kg5 Rxb5
53. axb5 1/2-1/2

[Event "Tatry Open 2014"]
[Site "Tatranske Zruby SVK"]
[Date "2014.10.04"]
[Round "8.23"]
[White "Michalicka, M."]
[Black "Kula, Dominik"]
[Result "1/2-1/2"]
[WhiteElo "2225"]
[BlackElo "1973"]
[PlyCount "62"]
[EventDate "2014.09.28"]

1. Nf3 f5 2. g3 Nf6 3. Bg2 g6 4. O-O Bg7 5. d4 O-O 6. b4 d6 7. Bb2 Qe8 8. c4 c6
9. Nbd2 Na6 10. Qb3 h6 11. b5 Nc7 12. Rfe1 cxb5 13. e4 fxe4 14. Nxe4 Nxe4 15.
Rxe4 bxc4 16. Qxc4+ d5 17. Qxc7 dxe4 18. Ne5 Be6 19. Bxe4 Rc8 20. Qa5 Bf5 21.
Bxb7 Rc2 22. Ba3 Qd8 23. Qxa7 Bh3 24. Bxe7 Rcxf2 25. Bxf8 Rxf8 26. Bg2 Bxg2 27.
Kxg2 Qd5+ 28. Kg1 Qe4 29. Qd7 Qe3+ 30. Kh1 Qe4+ 31. Kg1 Qe3+ 1/2-1/2

[Event "Tatry Open 2014"]
[Site "Tatranske Zruby SVK"]
[Date "2014.10.04"]
[Round "8.24"]
[White "Burnett, A."]
[Black "Ocko, Dominik"]
[Result "1-0"]
[WhiteElo "2222"]
[BlackElo "1499"]
[PlyCount "73"]
[EventDate "2014.09.28"]

1. Nf3 d5 2. c4 Nf6 3. d4 e6 4. Nc3 Be7 5. cxd5 exd5 6. Bf4 O-O 7. e3 c6 8. Qc2
Bg4 9. Ne5 Bh5 10. Bd3 Nbd7 11. f3 Bg6 12. Nxg6 fxg6 13. O-O b5 14. Ne2 Rc8 15.
Qd2 a5 16. a4 bxa4 17. Ba6 Qb6 18. Bxc8 Rxc8 19. Nc3 Bb4 20. Qd3 Nh5 21. Nxa4
Qb5 22. Qxb5 cxb5 23. Nc3 Nxf4 24. exf4 Bxc3 25. bxc3 a4 26. Rfb1 Nf6 27. Ra3
Re8 28. Kf2 Nh5 29. g3 Rc8 30. Rxb5 Nf6 31. Rxa4 Rxc3 32. Rb8+ Kf7 33. Rb7+ Ke6
34. g4 Rc2+ 35. Ke3 Rc3+ 36. Kd2 Rc6 37. Raa7 1-0

[Event "Tatry Open 2014"]
[Site "Tatranske Zruby SVK"]
[Date "2014.10.04"]
[Round "8.27"]
[White "Haring, V."]
[Black "Sikorova, O."]
[Result "0-1"]
[WhiteElo "2033"]
[BlackElo "2282"]
[PlyCount "62"]
[EventDate "2014.09.28"]

1. e4 e6 2. d4 d5 3. Nd2 c5 4. exd5 Qxd5 5. Ngf3 cxd4 6. Bc4 Qd6 7. O-O Nf6 8.
Nb3 Nc6 9. Nbxd4 Nxd4 10. Nxd4 a6 11. c3 Bd7 12. Qe2 Qc7 13. Bg5 Bd6 14. Nf5
Bxh2+ 15. Kh1 Kf8 16. f4 exf5 17. Bxf6 gxf6 18. Kxh2 Re8 19. Qd2 Rg8 20. Bd5
Rg6 21. Rad1 Be6 22. Bxe6 fxe6 23. Rf3 Re7 24. Qf2 Reg7 25. g3 h5 26. Rfd3 Kg8
27. Rd8+ Kh7 28. Qe2 Rg4 29. Qxe6 Rh4+ 30. Kg2 Rxg3+ 31. Kf2 Qxf4+ 0-1

[Event "Tatry Open 2014"]
[Site "Tatranske Zruby SVK"]
[Date "2014.10.04"]
[Round "8.28"]
[White "Borosova, Z."]
[Black "Murin, P."]
[Result "1-0"]
[WhiteElo "2263"]
[BlackElo "2051"]
[PlyCount "95"]
[EventDate "2014.09.28"]

1. e4 c5 2. Nf3 d6 3. Bb5+ Nd7 4. d4 cxd4 5. Qxd4 a6 6. Bxd7+ Bxd7 7. Bg5 Rc8
8. Nc3 h6 9. Bh4 e5 10. Qd3 g5 11. Bg3 Nf6 12. Nd2 Be7 13. Nc4 Qc7 14. Ne3 Be6
15. f3 b5 16. Bf2 Qa5 17. O-O Bc4 18. Nxc4 bxc4 19. Qd2 O-O 20. Be3 Qd8 21.
Rad1 Kh7 22. g3 Rg8 23. Kg2 Qf8 24. Rh1 Qg7 25. g4 Rge8 26. Ne2 d5 27. exd5 e4
28. Ng3 exf3+ 29. Kxf3 Bc5 30. Nf5 Qg6 31. Bxc5 Rxc5 32. Qf2 Rxd5 33. Rxd5 Nxd5
34. Qd4 Nf6 35. Rd1 Nxg4 36. Nd6 Nxh2+ 37. Kg3 Re2 38. Qxc4 Re3+ 39. Kg2 Re7
40. Rd2 Qh5 41. Qd3+ Kg8 42. Nf5 Re6 43. Ng3 Qh4 44. Qd8+ Kh7 45. Rf2 Nf3 46.
Rxf3 Re2+ 47. Nxe2 Qg4+ 48. Ng3 1-0

[Event "Tatry Open 2014"]
[Site "Tatranske Zruby SVK"]
[Date "2014.10.04"]
[Round "8.29"]
[White "Masak, P."]
[Black "Borsos, B."]
[Result "1/2-1/2"]
[WhiteElo "2053"]
[BlackElo "2224"]
[PlyCount "37"]
[EventDate "2014.09.28"]

1. Nf3 d5 2. d4 c5 3. e3 Nf6 4. Be2 e6 5. O-O Nc6 6. b3 Bd6 7. dxc5 Bxc5 8. Bb2
O-O 9. c4 a6 10. Nbd2 Qe7 11. Ne5 Rd8 12. Nxc6 bxc6 13. Qc2 Bd6 14. e4 e5 15.
exd5 cxd5 16. cxd5 Bb7 17. Ne4 Rac8 18. Nxf6+ Qxf6 19. Qe4 1/2-1/2

[Event "Tatry Open 2014"]
[Site "Tatranske Zruby SVK"]
[Date "2014.10.04"]
[Round "8.30"]
[White "Hadzi Manev, L."]
[Black "Steiner, B."]
[Result "1-0"]
[WhiteElo "2046"]
[BlackElo "2212"]
[PlyCount "89"]
[EventDate "2014.09.28"]

1. d4 d5 2. Bf4 e6 3. e3 Bd6 4. Bg3 Bxg3 5. hxg3 Nd7 6. c4 Ngf6 7. Nc3 b6 8.
cxd5 exd5 9. Qc2 a6 10. Nxd5 Nxd5 11. Qe4+ Qe7 12. Qxd5 Qb4+ 13. Kd1 Qxb2 14.
Rc1 Qxf2 15. Qxa8 O-O 16. Qf3 Qxa2 17. Bd3 h6 18. Ne2 c5 19. Rh4 cxd4 20. exd4
Nf6 21. Bc4 Qa5 22. Qc3 Qf5 23. Rf4 Qg5 24. Qd3 b5 25. Bb3 Nd5 26. Bxd5 Qxd5
27. Qf3 Qd7 28. Qc6 Qe7 29. Re4 Qd8 30. d5 Bf5 31. Re5 Bg4 32. d6 g6 33. Re7 h5
34. Ke1 Qa5+ 35. Qc3 Qd8 36. Qd4 Qa5+ 37. Kf2 Qa3 38. Rc3 Qb2 39. Rce3 Qxd4 40.
Nxd4 Rd8 41. Re8+ Rxe8 42. Rxe8+ Kg7 43. Re7 Kf6 44. Nc6 b4 45. d7 1-0

[Event "Tatry Open 2014"]
[Site "Tatranske Zruby SVK"]
[Date "2014.10.04"]
[Round "8.31"]
[White "Tropp, O."]
[Black "Ruckschloss, K."]
[Result "0-1"]
[WhiteElo "2048"]
[BlackElo "2207"]
[PlyCount "56"]
[EventDate "2014.09.28"]

1. e4 d6 2. d4 g6 3. Nc3 Bg7 4. Nf3 c6 5. Be2 Nf6 6. O-O O-O 7. Re1 b5 8. e5
Ne8 9. Ne4 Nd7 10. Bf4 Nb6 11. Qc1 f5 12. Ng3 Nc7 13. c4 bxc4 14. exd6 exd6 15.
Bxc4+ d5 16. Bb3 Ne6 17. Be5 Bxe5 18. Nxe5 Nxd4 19. Nxc6 Nxc6 20. Qxc6 Qd7 21.
Rac1 Qxc6 22. Rxc6 Bb7 23. Rc7 Rf7 24. Ree7 Rxe7 25. Rxe7 Ba6 26. Nf1 Rc8 27.
Rxa7 Bd3 28. Ra3 Be2 0-1

[Event "Tatry Open 2014"]
[Site "Tatranske Zruby SVK"]
[Date "2014.10.04"]
[Round "8.32"]
[White "Orosi, P."]
[Black "Dobrotka, M."]
[Result "0-1"]
[WhiteElo "2041"]
[BlackElo "2189"]
[PlyCount "66"]
[EventDate "2014.09.28"]

1. e4 g6 2. Nf3 Bg7 3. Nc3 d6 4. Bc4 c6 5. d4 Nf6 6. Qe2 O-O 7. e5 Nd5 8. Bd2
Nxc3 9. Bxc3 b5 10. Bd3 a5 11. Ng5 b4 12. e6 bxc3 13. exf7+ Rxf7 14. Nxf7 Kxf7
15. bxc3 Qd7 16. O-O Ba6 17. f4 Bxd3 18. cxd3 Qe6 19. Qf3 Qd5 20. Qh3 Qf5 21.
g4 Qf6 22. Rae1 Kg8 23. g5 Qf8 24. Qe6+ Kh8 25. Qxe7 Na6 26. Qd7 c5 27. Re7
cxd4 28. Rfe1 Nc5 29. Qc6 dxc3 30. Re8 Rxe8 31. Rxe8 c2 32. Qc8 c1=Q+ 33. Kg2
Qcxf4 0-1

[Event "Tatry Open 2014"]
[Site "Tatranske Zruby SVK"]
[Date "2014.10.04"]
[Round "8.33"]
[White "Stehlik, P."]
[Black "Kubik, M."]
[Result "0-1"]
[WhiteElo "2033"]
[BlackElo "2177"]
[PlyCount "50"]
[EventDate "2014.09.28"]

1. d4 Nf6 2. Nf3 g6 3. g3 Bg7 4. Bg2 O-O 5. c4 d6 6. Nc3 Nc6 7. e4 Bg4 8. h3
Bxf3 9. Bxf3 e5 10. d5 Nd4 11. Be3 Nd7 12. g4 Qh4 13. Bg2 f5 14. Ne2 f4 15.
Nxf4 Rxf4 16. Bxf4 exf4 17. Bf3 Re8 18. Kf1 Nxf3 19. Qxf3 Ne5 20. Qg2 Nxc4 21.
Rc1 f3 22. Qg3 Nd2+ 23. Kg1 Qxg3+ 24. fxg3 Bd4+ 25. Kh2 Rxe4 0-1

[Event "Tatry Open 2014"]
[Site "Tatranske Zruby SVK"]
[Date "2014.10.04"]
[Round "8.34"]
[White "Rakay, K."]
[Black "Frindt, K."]
[Result "0-1"]
[WhiteElo "2005"]
[BlackElo "2176"]
[PlyCount "124"]
[EventDate "2014.09.28"]

1. d4 Nf6 2. Nf3 g6 3. g3 Bg7 4. Bg2 O-O 5. O-O d5 6. Na3 Na6 7. c4 c6 8. cxd5
cxd5 9. Nb5 Qd6 10. Nc3 Nb4 11. a3 Nc6 12. Na4 Qd8 13. Nc3 Ne4 14. e3 Nxc3 15.
bxc3 Na5 16. Re1 Bf5 17. Nh4 Be6 18. Nf3 Rc8 19. Bb2 Nc4 20. Bc1 Qd7 21. Nd2
Bh3 22. Bf3 Na5 23. Nb3 Nc4 24. Nd2 Rfd8 25. Nxc4 Rxc4 26. Bd2 Bf5 27. Be2 Rc7
28. a4 h5 29. h4 Bf6 30. f3 e5 31. Qb3 Rdc8 32. Rec1 Qe6 33. Kf2 e4 34. f4 Bg4
35. Qd1 Bxe2 36. Qxe2 Qh3 37. Rh1 Qd7 38. Rhb1 Rc4 39. Rb4 Be7 40. Rxc4 Rxc4
41. Qd1 Bd8 42. a5 Qh3 43. Qf1 Qe6 44. Ra3 Qa6 45. Qa1 Qb5 46. Qa2 b6 47. axb6
Bxb6 48. Ra6 Qd7 49. Qa1 Kf8 50. Kg2 Qg4 51. Qf1 Ke7 52. Ra1 a5 53. Qd1 Qd7 54.
Qe1 Qc8 55. Qd1 Qd7 56. Qb3 Bc7 57. Rxa5 Bxa5 58. Qa3+ Kf6 59. Qxa5 Kg7 60. Qa8
Ra4 61. Qb8 Ra2 62. Qe5+ Kh7 0-1

[Event "Tatry Open 2014"]
[Site "Tatranske Zruby SVK"]
[Date "2014.10.04"]
[Round "8.35"]
[White "Obona, J."]
[Black "Mandak, M."]
[Result "1-0"]
[WhiteElo "2166"]
[BlackElo "2003"]
[PlyCount "67"]
[EventDate "2014.09.28"]

1. Nf3 c5 2. c4 Nc6 3. g3 g6 4. Bg2 Bg7 5. Nc3 e6 6. O-O Nge7 7. d3 O-O 8. Bd2
d6 9. Rb1 h6 10. a3 a5 11. b3 Bd7 12. Qc1 Kh7 13. Nb5 Bc8 14. e3 b6 15. Bc3
Bxc3 16. Qxc3 Na7 17. Ng5+ hxg5 18. Bxa8 Nxb5 19. cxb5 Bd7 20. Bg2 Bxb5 21.
Rfd1 Bc6 22. e4 e5 23. b4 f5 24. bxc5 bxc5 25. Rd2 Qa8 26. Qc4 Rf6 27. Rdb2
fxe4 28. Bxe4 d5 29. Qxc5 Qd8 30. Bg2 a4 31. Rb8 Qd7 32. Bh3 Nf5 33. R1b6 Qc7
34. R8b7 1-0

[Event "Tatry Open 2014"]
[Site "Tatranske Zruby SVK"]
[Date "2014.10.04"]
[Round "8.36"]
[White "Hurtak, Otto"]
[Black "Mrva, V."]
[Result "1/2-1/2"]
[WhiteElo "1995"]
[BlackElo "2138"]
[PlyCount "75"]
[EventDate "2014.09.28"]

1. d4 Nf6 2. c4 e6 3. Nc3 Bb4 4. e3 c5 5. Nge2 cxd4 6. exd4 d5 7. a3 Be7 8.
cxd5 Nxd5 9. Nxd5 exd5 10. g3 Bg4 11. Bg2 Nc6 12. O-O O-O 13. Re1 Bf6 14. Be3
Qd7 15. Qb3 Bxe2 16. Rxe2 Bxd4 17. Qxd5 Qxd5 18. Bxd5 Rad8 19. Bxc6 bxc6 20.
Bxd4 Rxd4 21. Rc1 Rd6 22. Rec2 Rc8 23. b4 a6 24. a4 Kf8 25. b5 axb5 26. axb5 c5
27. Rxc5 Rxc5 28. Rxc5 Rb6 29. f4 Ke7 30. Kf2 Kd6 31. Rh5 h6 32. g4 g6 33. Rxh6
Ke7 34. h4 Rxb5 35. h5 gxh5 36. gxh5 Kf8 37. Kg3 Kg7 38. Ra6 1/2-1/2

[Event "Tatry Open 2014"]
[Site "Tatranske Zruby SVK"]
[Date "2014.10.04"]
[Round "8.37"]
[White "Szaraz, V."]
[Black "Konak, J."]
[Result "0-1"]
[WhiteElo "1939"]
[BlackElo "2132"]
[PlyCount "74"]
[EventDate "2014.09.28"]

1. f4 d5 2. d4 Nf6 3. e3 Bf5 4. Nf3 e6 5. Bd3 Nbd7 6. O-O Be7 7. Ne5 O-O 8.
Bxf5 exf5 9. c4 dxc4 10. Nxc4 Ne4 11. Nc3 Ndf6 12. Nd2 Nxd2 13. Qxd2 c5 14. d5
a6 15. a4 Bd6 16. Qd3 g6 17. b3 Re8 18. Bd2 Qe7 19. Rae1 Rad8 20. h3 Bc7 21.
Qc4 Ba5 22. Rf3 Bxc3 23. Bxc3 Nxd5 24. Be5 Nb6 25. Qc3 Nd7 26. Rc1 Nxe5 27.
fxe5 Qxe5 28. Qc4 Rd5 29. b4 cxb4 30. Qxb4 b5 31. axb5 axb5 32. h4 h5 33. Qb3
Red8 34. Rb1 Qe4 35. Rc1 Qxh4 36. Rh3 Qg4 37. Rf3 Rd2 0-1

[Event "Tatry Open 2014"]
[Site "Tatranske Zruby SVK"]
[Date "2014.10.04"]
[Round "8.38"]
[White "Brhel, J."]
[Black "Bakalar, J."]
[Result "1-0"]
[WhiteElo "2108"]
[BlackElo "1938"]
[PlyCount "71"]
[EventDate "2014.09.28"]

1. d4 d5 2. c4 c6 3. Nc3 Nf6 4. Nf3 e6 5. Bg5 Bb4 6. Rc1 h6 7. Bd2 O-O 8. e3
Nbd7 9. Bd3 dxc4 10. Bxc4 Qe7 11. O-O e5 12. dxe5 Nxe5 13. Nxe5 Qxe5 14. a3 Bd6
15. f4 Qe7 16. Qc2 Bc5 17. Rce1 a6 18. Na4 Ba7 19. Bb4 Qe4 20. Qxe4 Nxe4 21.
Bxf8 Kxf8 22. Bd3 Nf6 23. Kh1 Bd7 24. e4 Re8 25. b4 Bd4 26. h3 Bc8 27. e5 Nd7
28. Re4 Ba7 29. Rfe1 b5 30. Nc3 c5 31. e6 fxe6 32. Rxe6 Rxe6 33. Rxe6 cxb4 34.
axb4 Nc5 35. Rc6 Bb7 36. Rxc5 1-0

[Event "Tatry Open 2014"]
[Site "Tatranske Zruby SVK"]
[Date "2014.10.04"]
[Round "8.39"]
[White "Tropp, F."]
[Black "Jancura, A."]
[Result "1-0"]
[WhiteElo "2101"]
[BlackElo "1862"]
[PlyCount "57"]
[EventDate "2014.09.28"]

1. e4 d5 2. exd5 Qxd5 3. Nc3 Qd6 4. Nf3 Nf6 5. d3 c6 6. h3 g6 7. g3 Bg7 8. Bg2
O-O 9. O-O e5 10. Re1 Nbd7 11. Bg5 Re8 12. Qd2 Nf8 13. Bxf6 Qxf6 14. d4 Bxh3
15. Ne4 Qf5 16. Nd6 Qh5 17. Nxe8 Rxe8 18. dxe5 Bh6 19. Qd4 Bg4 20. Nh2 Bc8 21.
Bf3 Qg5 22. Rad1 Ne6 23. Qh4 Qxh4 24. gxh4 Bf4 25. Ng4 Kg7 26. b4 h5 27. Nf6
Re7 28. c4 c5 29. bxc5 1-0

[Event "Tatry Open 2014"]
[Site "Tatranske Zruby SVK"]
[Date "2014.10.04"]
[Round "8.40"]
[White "Holtman, Teodor"]
[Black "Domanski, Lukasz"]
[Result "1/2-1/2"]
[WhiteElo "2086"]
[BlackElo "1801"]
[PlyCount "96"]
[EventDate "2014.09.28"]

1. e4 e5 2. Nf3 d6 3. d4 exd4 4. Nxd4 Nf6 5. Nc3 Be7 6. Be2 O-O 7. g4 d5 8. e5
Ne4 9. Qd3 c5 10. Nf5 Bxf5 11. gxf5 Qa5 12. Bd2 Nxd2 13. Qxd2 Nc6 14. f6 gxf6
15. Qh6 Nxe5 16. f4 Ng6 17. f5 d4 18. fxg6 fxg6 19. O-O-O dxc3 20. Bc4+ Kh8 21.
Rd7 Qb4 22. Rxe7 Qxb2+ 23. Kd1 Rad8+ 24. Ke1 Qb1+ 25. Kf2 Qxc2+ 26. Kg3 Rd3+
27. Bxd3 Qxd3+ 28. Qe3 Qd6+ 29. Kf2 Qd5 30. Re1 Qxa2+ 31. Re2 Qd5 32. Qxc3 a6
33. Re8 Qf7 34. R2e7 Qxe8 35. Rxe8 Rxe8 36. Qxf6+ Kg8 37. Qb6 Rf8+ 38. Kg3 Rf5
39. Qxb7 a5 40. Qa8+ Kg7 41. Qxa5 Kf7 42. Kg4 Kg7 43. Qd8 Rh5 44. Qe8 Rf5 45.
Qe7+ Kg8 46. h4 Rh5 47. Qe6+ Kg7 48. Qe8 Rf5 1/2-1/2

[Event "Tatry Open 2014"]
[Site "Tatranske Zruby SVK"]
[Date "2014.10.05"]
[Round "9.3"]
[White "Berezjuk, S."]
[Black "Jasny, S."]
[Result "1/2-1/2"]
[WhiteElo "2371"]
[BlackElo "2409"]
[PlyCount "102"]
[EventDate "2014.09.28"]

1. e4 c5 2. Nf3 g6 3. d4 cxd4 4. Nxd4 Nc6 5. c4 Nf6 6. Nc3 d6 7. Be2 Nxd4 8.
Qxd4 Bg7 9. Be3 O-O 10. Qd2 Be6 11. Rc1 Qa5 12. f3 Rfc8 13. b3 a6 14. Na4 Qxd2+
15. Kxd2 Nd7 16. g4 f5 17. exf5 gxf5 18. h3 Rf8 19. f4 Rad8 20. Bf3 d5 21. gxf5
Bxf5 22. cxd5 Nf6 23. Bb6 Nxd5 24. Bxd8 Rxd8 25. Bxd5+ Rxd5+ 26. Ke2 b5 27. Rc5
Bd3+ 28. Ke1 Rd8 29. Nc3 Bd4 30. Rg5+ Kf7 31. Ne2 Bf6 32. Rg4 h5 33. Rg5 Bxg5
34. fxg5 Bxe2 35. Kxe2 Kg6 36. h4 Rd4 37. Kf3 Rg4 38. Re1 Rxh4 39. Rxe7 Kxg5
40. Rg7+ Kf5 41. Rf7+ Ke5 42. Re7+ Kd4 43. Ra7 Rh2 44. Rxa6 h4 45. Ra5 b4 46.
Kg4 Kc3 47. Ra4 Rh1 48. Ra8 Kb2 49. Ra4 Kc3 50. Ra5 Kb2 51. Ra4 Kc3 1/2-1/2

[Event "Tatry Open 2014"]
[Site "Tatranske Zruby SVK"]
[Date "2014.10.05"]
[Round "9.4"]
[White "Petran, Pe"]
[Black "Jarmula, L."]
[Result "1/2-1/2"]
[WhiteElo "2327"]
[BlackElo "2314"]
[PlyCount "114"]
[EventDate "2014.09.28"]

1. c4 c6 2. Nf3 d5 3. b3 Bf5 4. Bb2 e6 5. g3 Nf6 6. Bg2 Be7 7. d3 h6 8. O-O O-O
9. Nbd2 Nbd7 10. Qc2 Bh7 11. a3 a5 12. Bc3 b5 13. cxb5 cxb5 14. Qb2 b4 15. axb4
axb4 16. Bd4 Qc7 17. Rfc1 Qb7 18. Ra4 Rxa4 19. bxa4 Ra8 20. Ra1 Nc5 21. a5 Qb5
22. Bxc5 Bxc5 23. Nb3 Ba7 24. Rc1 Ng4 25. Nfd4 Qa4 26. Bh3 Nxf2 27. Kxf2 e5 28.
Qc2 Bg6 29. Nc5 Qxc2 30. Rxc2 Bxc5 31. Rxc5 exd4 32. Rb5 b3 33. Bg2 b2 34. Rxb2
Rxa5 35. Rb8+ Kh7 36. Rb4 f6 37. Rxd4 Bf7 38. Rb4 Ra7 39. Bf3 Re7 40. Rb6 Rd7
41. Bg4 Rd8 42. Rb7 Kg8 43. h4 g6 44. Ke3 d4+ 45. Kd2 Bd5 46. Rc7 f5 47. Bh3 h5
48. e3 dxe3+ 49. Kxe3 Bf7 50. Bg2 Kg7 51. Bc6 Kf6 52. Bb5 Rb8 53. Rc6+ Kg7 54.
Ba6 Re8+ 55. Kf4 Rd8 56. Ke3 Re8+ 57. Kf4 Rd8 1/2-1/2

[Event "Tatry Open 2014"]
[Site "Tatranske Zruby SVK"]
[Date "2014.10.05"]
[Round "9.5"]
[White "Zambo, Z."]
[Black "Langner, L1."]
[Result "0-1"]
[WhiteElo "2382"]
[BlackElo "2363"]
[PlyCount "78"]
[EventDate "2014.09.28"]

1. c4 Nf6 2. Nf3 g6 3. d4 Bg7 4. Nc3 d5 5. Bg5 Ne4 6. Bh4 Nxc3 7. bxc3 dxc4 8.
Qa4+ Qd7 9. Qxc4 b6 10. e3 Ba6 11. Qb3 Bxf1 12. Kxf1 Nc6 13. Ke2 O-O 14. Rhd1
Na5 15. Qb4 Rfe8 16. Rac1 Rac8 17. c4 Qg4 18. c5 e5 19. h3 Qxg2 20. cxb6 exd4
21. Nxd4 axb6 22. Nf3 Qxh3 23. Rd5 Qe6 24. Rcd1 h6 25. Bg3 c6 26. R5d3 Qxa2+
27. R1d2 Qe6 28. Rc2 c5 29. Qh4 Nc6 30. Rd6 Qb3 31. Rc4 Nd4+ 32. Rcxd4 cxd4 33.
Nxd4 Qc4+ 34. Kf3 b5 35. Bf4 g5 36. Qg4 gxf4 37. Rxh6 fxe3 38. Qxg7+ Kxg7 39.
Nf5+ Kg8 0-1

[Event "Tatry Open 2014"]
[Site "Tatranske Zruby SVK"]
[Date "2014.10.05"]
[Round "9.6"]
[White "Vojta, T."]
[Black "Burnett, A."]
[Result "1-0"]
[WhiteElo "2373"]
[BlackElo "2222"]
[PlyCount "113"]
[EventDate "2014.09.28"]

1. e4 c5 2. f4 d5 3. exd5 Nf6 4. Nf3 Nxd5 5. Nc3 Nc6 6. Bc4 Nxc3 7. bxc3 e6 8.
Qe2 Be7 9. O-O O-O 10. Bd3 Qc7 11. Ne5 f5 12. Nxc6 Qxc6 13. Rb1 a6 14. c4 Rf6
15. Bb2 Rg6 16. Bc3 Bd6 17. Qf3 Qxf3 18. Rxf3 Bd7 19. Rg3 Rxg3 20. hxg3 Rb8 21.
Kf2 b5 22. Re1 h6 23. Be5 Rb6 24. a3 Kf7 25. Re3 b4 26. axb4 cxb4 27. Bd4 Rc6
28. Re1 g5 29. Ke3 g4 30. Ra1 Be7 31. Ra2 h5 32. Ra1 Bc8 33. c3 bxc3 34. Bxc3
Bc5+ 35. Ke2 Bb7 36. Bc2 Bd6 37. Rb1 Ba8 38. d3 Bc7 39. Bd4 h4 40. Ba4 Rd6 41.
Be5 h3 42. c5 Rxd3 43. Bxc7 Rxg3 44. gxh3 Bf3+ 45. Kf2 Rg2+ 46. Kf1 gxh3 47.
Rb8 Be2+ 48. Ke1 Bb5 49. Bxb5 axb5 50. Kf1 Rc2 51. Kg1 Rxc5 52. Be5 Rc2 53.
Rxb5 Kg6 54. Rb2 Rxb2 55. Bxb2 Kh5 56. Kf2 Kg4 57. Be5 1-0

[Event "Tatry Open 2014"]
[Site "Tatranske Zruby SVK"]
[Date "2014.10.05"]
[Round "9.7"]
[White "Volodin, V."]
[Black "Lanc, A."]
[Result "0-1"]
[WhiteElo "2217"]
[BlackElo "2363"]
[PlyCount "86"]
[EventDate "2014.09.28"]

1. Nf3 Nf6 2. c4 d6 3. d4 g6 4. g3 Bg7 5. Bg2 O-O 6. O-O Nbd7 7. Nc3 e5 8. h3
c6 9. e4 a6 10. dxe5 dxe5 11. Be3 b5 12. Qc2 Qe7 13. a3 Nh5 14. b4 f5 15. exf5
gxf5 16. cxb5 axb5 17. Qb3+ Kh8 18. Bg5 Qe8 19. Rad1 Qg6 20. Be7 Qf7 21. Qxf7
Rxf7 22. Bd6 Bf6 23. Nxb5 cxb5 24. Nxe5 Nxe5 25. Bxa8 Nc4 26. Rfe1 Ng7 27. Be5
Nxe5 28. Rxe5 Bd7 29. Rxd7 Rxd7 30. Rxb5 h5 31. Bd5 Bd4 32. Kg2 Rc7 33. Rb8+
Kh7 34. Rd8 Bf6 35. Rd6 Be5 36. Rd8 h4 37. gxh4 Nh5 38. Re8 Nf4+ 39. Kh2 Bd6
40. Rd8 Be7 41. Bg8+ Kg7 42. Ra8 Bxh4 43. b5 Bxf2 0-1

[Event "Tatry Open 2014"]
[Site "Tatranske Zruby SVK"]
[Date "2014.10.05"]
[Round "9.8"]
[White "Constantinou, Pe"]
[Black "Ramik, Z."]
[Result "1/2-1/2"]
[WhiteElo "2311"]
[BlackElo "2216"]
[PlyCount "35"]
[EventDate "2014.09.28"]

1. d4 Nf6 2. Bg5 d6 3. Bxf6 exf6 4. e3 Be7 5. c4 c6 6. Nc3 a5 7. Bd3 f5 8. Nge2
g6 9. Nf4 Nd7 10. a3 Nf6 11. O-O O-O 12. b4 axb4 13. axb4 Bd7 14. c5 Rxa1 15.
Qxa1 b6 16. Na4 bxc5 17. bxc5 dxc5 18. Nxc5 1/2-1/2

[Event "Tatry Open 2014"]
[Site "Tatranske Zruby SVK"]
[Date "2014.10.05"]
[Round "9.9"]
[White "Marczuk, D."]
[Black "Nayhebaver, Martin"]
[Result "0-1"]
[WhiteElo "2110"]
[BlackElo "2301"]
[PlyCount "100"]
[EventDate "2014.09.28"]

1. e4 c5 2. Nf3 d6 3. Bc4 Nf6 4. d3 e6 5. O-O a6 6. Bb3 Be7 7. c3 O-O 8. Re1
Nbd7 9. Nbd2 b5 10. Nf1 Bb7 11. Ng3 Rc8 12. Bc2 Qc7 13. h3 Rfe8 14. Qe2 Bf8 15.
Bg5 h6 16. Bd2 e5 17. c4 Nb8 18. b3 g6 19. a4 Nc6 20. Rec1 bxc4 21. bxc4 Rb8
22. a5 Ba8 23. Ba4 Bg7 24. Bc3 Nd7 25. Bxc6 Bxc6 26. Nd2 Nf8 27. Ndf1 Ne6 28.
Ne3 Nd4 29. Bxd4 exd4 30. Nd5 Bxd5 31. cxd5 Rb4 32. Nf1 c4 33. Nd2 c3 34. Nc4
f5 35. f3 Qc5 36. Nb6 Rb2 37. Rc2 Rxc2 38. Qxc2 fxe4 39. fxe4 Rxe4 40. Nd7 Qa7
41. Rf1 Re7 42. Nb6 Re8 43. Qa4 Qe7 44. Qc6 Qe3+ 45. Kh1 Qe2 46. Kg1 c2 47. Nc8
Rf8 48. Ne7+ Qxe7 49. Rxf8+ Kxf8 50. Qc8+ Qe8 0-1

[Event "Tatry Open 2014"]
[Site "Tatranske Zruby SVK"]
[Date "2014.10.05"]
[Round "9.10"]
[White "Kernazhitsky, L."]
[Black "Marek, Mat"]
[Result "0-1"]
[WhiteElo "2298"]
[BlackElo "2200"]
[PlyCount "54"]
[EventDate "2014.09.28"]

1. e4 c5 2. Nf3 d6 3. d4 cxd4 4. Nxd4 Nf6 5. Nc3 a6 6. f4 e5 7. Nf3 Nbd7 8. Bd3
b5 9. O-O Be7 10. a3 Bb7 11. Kh1 O-O 12. Qe1 Re8 13. fxe5 dxe5 14. Bg5 Nh5 15.
Bd2 Bf6 16. a4 b4 17. Nd1 a5 18. Nf2 Nc5 19. Bb5 Re7 20. g4 Nf4 21. g5 Bxg5 22.
Nxg5 f5 23. Be3 Rc7 24. Rg1 Nxe4 25. Nfxe4 Rxc2 26. Qg3 Qxg5 27. Qxf4 Qxf4 0-1

[Event "Tatry Open 2014"]
[Site "Tatranske Zruby SVK"]
[Date "2014.10.05"]
[Round "9.11"]
[White "Biolek, R2."]
[Black "Gumularz, Szymon"]
[Result "1-0"]
[WhiteElo "2432"]
[BlackElo "2132"]
[PlyCount "131"]
[EventDate "2014.09.28"]

1. d4 d5 2. c4 e6 3. Nc3 Bb4 4. e3 Nf6 5. Nf3 c5 6. a3 Bxc3+ 7. bxc3 O-O 8. Bd3
Qc7 9. Qe2 Nbd7 10. O-O b6 11. Bb2 dxc4 12. Bxc4 Bb7 13. Rac1 e5 14. h3 h6 15.
Rfd1 Rfe8 16. Ba1 Rac8 17. Qa2 Re7 18. Nh4 Be4 19. d5 Ne8 20. Ba6 Rd8 21. Be2
Nd6 22. c4 Bh7 23. Nf3 Rf8 24. Nd2 Rfe8 25. Nf1 Nf6 26. Bc3 Nfe4 27. Be1 Nf6
28. a4 a5 29. Qb3 Nd7 30. Rd2 Ne4 31. Rb2 Nd6 32. Nd2 Rb8 33. Nb1 Bxb1 34.
Rcxb1 Rf8 35. Qc2 g6 36. Bc3 f5 37. f3 Kh7 38. Rb3 Nc8 39. Qb2 Qd6 40. Rf1 Rfe8
41. Bd3 Kg8 42. Qb1 Kh7 43. Rb2 Rf8 44. Rbf2 Ref7 45. Kh1 Ne7 46. f4 exf4 47.
exf4 Nc8 48. Re1 Re7 49. Rxe7+ Qxe7 50. Re2 Qh4 51. Qe1 Qxe1+ 52. Rxe1 Kg8 53.
Re6 Kf7 54. g4 Ne7 55. gxf5 Nxf5 56. Bxf5 gxf5 57. Rxh6 Rg8 58. Kh2 Ke7 59. Rh5
Rf8 60. Rg5 Kd6 61. Rg6+ Kc7 62. h4 Re8 63. h5 Re2+ 64. Kh3 Re3+ 65. Rg3 Re7
66. h6 1-0

[Event "Tatry Open 2014"]
[Site "Tatranske Zruby SVK"]
[Date "2014.10.05"]
[Round "9.12"]
[White "Polacik, I."]
[Black "Vojtek, V."]
[Result "0-1"]
[WhiteElo "2173"]
[BlackElo "2336"]
[PlyCount "46"]
[EventDate "2014.09.28"]

1. e4 Nc6 2. Nc3 e5 3. Bc4 Nf6 4. d3 Na5 5. Nge2 Nxc4 6. dxc4 Bc5 7. Ng3 d6 8.
h3 Be6 9. Qd3 Qd7 10. b3 Ng8 11. Be3 Bxe3 12. Qxe3 Ne7 13. O-O-O O-O 14. Rd2
Nc6 15. Rhd1 a5 16. a4 Nd4 17. Kb2 f5 18. exf5 Bxf5 19. Nd5 Rae8 20. c3 Ne6 21.
Qxe5 dxe5 22. Nf6+ Rxf6 23. Rxd7 Bg6 0-1

[Event "Tatry Open 2014"]
[Site "Tatranske Zruby SVK"]
[Date "2014.10.05"]
[Round "9.13"]
[White "Jossien, A."]
[Black "Brhel, J."]
[Result "1/2-1/2"]
[WhiteElo "2326"]
[BlackElo "2108"]
[PlyCount "57"]
[EventDate "2014.09.28"]

1. Nf3 Nf6 2. g3 b6 3. Bg2 Bb7 4. c4 e6 5. O-O c5 6. Nc3 Be7 7. d4 cxd4 8. Nxd4
Bxg2 9. Kxg2 O-O 10. e4 Qc7 11. Qd3 Na6 12. Bf4 Nc5 13. Qe2 Qb7 14. f3 d6 15.
Ndb5 Rad8 16. Rfd1 Ne8 17. b4 Na6 18. a3 Nb8 19. Be3 Rc8 20. Rac1 Nd7 21. f4 f5
22. Qf3 Rxc4 23. exf5 Qxf3+ 24. Kxf3 Rxf5 25. Nxa7 Nef6 26. Ncb5 Re4 27. Nxd6
Ne5+ 28. Kg2 Bxd6 29. fxe5 1/2-1/2